| 000 | 00394nam a2200157Ia 4500 | ||
|---|---|---|---|
| 008 | 230524s9999 xx 000 0 und d | ||
| 082 |
_a658.45 _bMAH |
||
| 100 |
_aS.N.Maheswari _914822 |
||
| 245 | 0 | _aPrinciples of Management Accounting | |
| 250 | _a10TH | ||
| 260 |
_aNEW DELHI _bS.Chand _c1999 |
||
| 300 | _aXVII;546 | ||
| 500 | _aQuantity Number: 1 | ||
| 650 | _aManagement | ||
| 942 | _cBK | ||
| 999 |
_c21198 _d21198 |
||